000 00329nam a2200133Ia 4500
005 20251222155147.0
008 251222s9999||||xx |||||||||||||| ||spa||
082 _aNUT. 11
100 _aOLIVARES Sonia.
245 0 _aNutrición - Prevención de Riesgos Dietéticos
250 _a1ra. ed.
264 _bConelanid
942 _cLIB
999 _c39417
_d39417